<?xml version="1.0" encoding="UTF-8"?>
<record
    xmlns:xsi="http://www.w3.org/2001/XMLSchema-instance"
    xsi:schemaLocation="http://www.loc.gov/MARC21/slim http://www.loc.gov/standards/marcxml/schema/MARC21slim.xsd"
    xmlns="http://www.loc.gov/MARC21/slim">

  <leader>01915nam a2200313   4500</leader>
  <controlfield tag="003">NALT</controlfield>
  <controlfield tag="005">20240724233252.0</controlfield>
  <controlfield tag="008">191112b        th ||||| ||||o00| 0 tha d</controlfield>
  <datafield tag="040" ind1=" " ind2=" ">
    <subfield code="a">NALT</subfield>
  </datafield>
  <datafield tag="050" ind1=" " ind2=" ">
    <subfield code="a">JS 7153.3</subfield>
    <subfield code="b">.A3 &#xE14;554&#xE01; 2561</subfield>
  </datafield>
  <datafield tag="100" ind1="0" ind2=" ">
    <subfield code="a">&#xE14;&#xE34;&#xE40;&#xE23;&#xE01; &#xE1B;&#xE31;&#xE17;&#xE21;&#xE2A;&#xE34;&#xE23;&#xE34;&#xE27;&#xE31;&#xE12;&#xE19;&#xE4C;</subfield>
    <subfield code="9">3028</subfield>
  </datafield>
  <datafield tag="245" ind1="1" ind2="0">
    <subfield code="a">&#xE01;&#xE32;&#xE23;&#xE1B;&#xE23;&#xE30;&#xE2B;&#xE22;&#xE31;&#xE14;&#xE08;&#xE32;&#xE01;&#xE02;&#xE19;&#xE32;&#xE14;&#xE43;&#xE19;&#xE2D;&#xE07;&#xE04;&#xE4C;&#xE01;&#xE23;&#xE1B;&#xE01;&#xE04;&#xE23;&#xE2D;&#xE07;&#xE2A;&#xE48;&#xE27;&#xE19;&#xE17;&#xE49;&#xE2D;&#xE07;&#xE16;&#xE34;&#xE48;&#xE19;&#xE41;&#xE25;&#xE30;&#xE27;&#xE34;&#xE40;&#xE04;&#xE23;&#xE32;&#xE30;&#xE2B;&#xE4C;&#xE28;&#xE31;&#xE01;&#xE22;&#xE20;&#xE32;&#xE1E;&#xE01;&#xE32;&#xE23;&#xE04;&#xE27;&#xE1A;&#xE23;&#xE27;&#xE21;&#xE17;&#xE49;&#xE2D;&#xE07;&#xE16;&#xE34;&#xE48;&#xE19;&#xE02;&#xE19;&#xE32;&#xE14;&#xE40;&#xE25;&#xE47;&#xE01; /</subfield>
    <subfield code="c">&#xE42;&#xE14;&#xE22; &#xE14;&#xE34;&#xE40;&#xE23;&#xE01; &#xE1B;&#xE31;&#xE17;&#xE21;&#xE2A;&#xE34;&#xE23;&#xE34;&#xE27;&#xE31;&#xE12;&#xE19;&#xE4C;...[&#xE41;&#xE25;&#xE30;&#xE04;&#xE19;&#xE2D;&#xE37;&#xE48;&#xE19; &#xE46;].</subfield>
  </datafield>
  <datafield tag="260" ind1=" " ind2=" ">
    <subfield code="a">&#xE01;&#xE23;&#xE38;&#xE07;&#xE40;&#xE17;&#xE1E;&#xE2F; :</subfield>
    <subfield code="b">&#xE2A;&#xE33;&#xE19;&#xE31;&#xE01;&#xE07;&#xE32;&#xE19;&#xE01;&#xE2D;&#xE07;&#xE17;&#xE38;&#xE19;&#xE2A;&#xE19;&#xE31;&#xE1A;&#xE2A;&#xE19;&#xE38;&#xE19;&#xE01;&#xE32;&#xE23;&#xE27;&#xE34;&#xE08;&#xE31;&#xE22;,</subfield>
    <subfield code="c">2561.</subfield>
  </datafield>
  <datafield tag="300" ind1=" " ind2=" ">
    <subfield code="a">180 &#xE2B;&#xE19;&#xE49;&#xE32; :</subfield>
    <subfield code="b">&#xE20;&#xE32;&#xE1E;&#xE1B;&#xE23;&#xE30;&#xE01;&#xE2D;&#xE1A;, &#xE15;&#xE32;&#xE23;&#xE32;&#xE07; ;</subfield>
    <subfield code="c">29 &#xE0B;&#xE21;.</subfield>
  </datafield>
  <datafield tag="650" ind1=" " ind2="4">
    <subfield code="9">19031</subfield>
    <subfield code="a">&#xE2D;&#xE07;&#xE04;&#xE4C;&#xE01;&#xE23;&#xE1B;&#xE01;&#xE04;&#xE23;&#xE2D;&#xE07;&#xE2A;&#xE48;&#xE27;&#xE19;&#xE17;&#xE49;&#xE2D;&#xE07;&#xE16;&#xE34;&#xE48;&#xE19; </subfield>
    <subfield code="z">&#xE44;&#xE17;&#xE22;</subfield>
  </datafield>
  <datafield tag="700" ind1="0" ind2=" ">
    <subfield code="a">&#xE2A;&#xE38;&#xE21;&#xE32;&#xE25;&#xE35; &#xE2A;&#xE31;&#xE19;&#xE15;&#xE34;&#xE1E;&#xE25;&#xE27;&#xE38;&#xE12;&#xE34;</subfield>
    <subfield code="9">42646</subfield>
  </datafield>
  <datafield tag="700" ind1="0" ind2=" ">
    <subfield code="a">&#xE1E;&#xE34;&#xE0A;&#xE34;&#xE15; &#xE23;&#xE31;&#xE0A;&#xE15;&#xE1E;&#xE34;&#xE1A;&#xE38;&#xE25;&#xE20;&#xE1E;</subfield>
    <subfield code="9">6543</subfield>
  </datafield>
  <datafield tag="700" ind1="0" ind2=" ">
    <subfield code="a">&#xE2A;&#xE38;&#xE27;&#xE34;&#xE21;&#xE25; &#xE40;&#xE2E;&#xE07;&#xE1E;&#xE31;&#xE12;&#xE19;&#xE32;</subfield>
    <subfield code="9">42650</subfield>
  </datafield>
  <datafield tag="700" ind1="0" ind2=" ">
    <subfield code="a">&#xE18;&#xE34;&#xE15;&#xE34;&#xE21;&#xE32; &#xE1E;&#xE25;&#xE31;&#xE1A;&#xE1E;&#xE25;&#xE36;&#xE07;</subfield>
    <subfield code="9">42652</subfield>
  </datafield>
  <datafield tag="700" ind1="0" ind2=" ">
    <subfield code="a">&#xE01;&#xE32;&#xE0D;&#xE08;&#xE19;&#xE32; &#xE28;&#xE23;&#xE35;&#xE1E;&#xE24;&#xE17;&#xE18;&#xE34;&#xE4C;&#xE40;&#xE01;&#xE35;&#xE22;&#xE23;&#xE15;&#xE34;&#xE4C;</subfield>
    <subfield code="9">42654</subfield>
  </datafield>
  <datafield tag="700" ind1="0" ind2=" ">
    <subfield code="a">&#xE14;&#xE32;&#xE23;&#xE38;&#xE13;&#xE35; &#xE1E;&#xE38;&#xE48;&#xE21;&#xE41;&#xE01;&#xE49;&#xE27;</subfield>
    <subfield code="9">6544</subfield>
  </datafield>
  <datafield tag="700" ind1="0" ind2=" ">
    <subfield code="a">&#xE2A;&#xE21;&#xE1A;&#xE31;&#xE15;&#xE34; &#xE40;&#xE2B;&#xE2A;&#xE01;&#xE38;&#xE25;.</subfield>
    <subfield code="9">42655</subfield>
  </datafield>
  <datafield tag="700" ind1="0" ind2=" ">
    <subfield code="9">42657</subfield>
    <subfield code="a">&#xE1E;&#xE31;&#xE17;&#xE18;&#xE1B;&#xE23;&#xE32;&#xE0A;&#xE0D;&#xE4C; &#xE19;&#xE31;&#xE19;&#xE17;&#xE34;&#xE27;&#xE31;&#xE12;&#xE19;&#xE4C;&#xE01;&#xE38;&#xE25;</subfield>
  </datafield>
  <datafield tag="700" ind1="0" ind2=" ">
    <subfield code="9">42659</subfield>
    <subfield code="a">&#xE1B;&#xE23;&#xE30;&#xE08;&#xE31;&#xE01;&#xE29;&#xE4C; &#xE40;&#xE02;&#xE35;&#xE22;&#xE19;&#xE19;&#xE2D;&#xE01;</subfield>
  </datafield>
  <datafield tag="850" ind1=" " ind2=" ">
    <subfield code="a">NALT</subfield>
  </datafield>
  <datafield tag="942" ind1=" " ind2=" ">
    <subfield code="c">RSH</subfield>
    <subfield code="2">lcc</subfield>
  </datafield>
  <datafield tag="998" ind1=" " ind2=" ">
    <subfield code="a">bijaya</subfield>
    <subfield code="c">DAO</subfield>
    <subfield code="j">1020</subfield>
    <subfield code="k"> &#xE19;&#xE32;&#xE07;&#xE08;&#xE33;&#xE40;&#xE23;&#xE35;&#xE22;&#xE07;  &#xE23;&#xE30;&#xE27;&#xE31;&#xE07;&#xE2A;&#xE33;&#xE42;&#xE23;&#xE07;</subfield>
  </datafield>
  <datafield tag="999" ind1=" " ind2=" ">
    <subfield code="c">96485</subfield>
    <subfield code="d">96485</subfield>
  </datafield>
  <datafield tag="952" ind1=" " ind2=" ">
    <subfield code="0">0</subfield>
    <subfield code="1">0</subfield>
    <subfield code="2">lcc</subfield>
    <subfield code="4">0</subfield>
    <subfield code="7">0</subfield>
    <subfield code="8">CRSH</subfield>
    <subfield code="a">NALT</subfield>
    <subfield code="b">NALT</subfield>
    <subfield code="d">2019-11-12</subfield>
    <subfield code="l">0</subfield>
    <subfield code="o">&#xE27; JS 7153.3 .A3 &#xE14;554&#xE01; 2561</subfield>
    <subfield code="p">3961210013</subfield>
    <subfield code="r">2019-11-26 00:00:00</subfield>
    <subfield code="w">2019-11-12</subfield>
    <subfield code="y">RSH</subfield>
  </datafield>
</record>
